| 000 | 00987nam a22003017a 4500 | ||
|---|---|---|---|
| 003 | CHAP | ||
| 005 | 20220329133902.0 | ||
| 008 | 971013s1977 r 00010 d | ||
| 010 | _a12265 | ||
| 011 | _a13237 | ||
| 035 | _a17308 | ||
| 040 | _cCHAP | ||
| 082 |
_a001.6 _bG4 |
||
| 100 | 0 | 0 |
_aGhosh, Sakti P. _947836 |
| 245 | _aData base organization for data management | ||
| 260 |
_aNew York : _bAcademic Press, _c1977 |
||
| 300 |
_a376 p. _b: ilus. |
||
| 490 | _aAcademic Press. Computer science and applied mathematics | ||
| 590 |
_aBATCH-UPD _b10 _c20130110 _lUCH01 _h1820 |
||
| 590 |
_aBATCH-UPD _b10 _c20130410 _lUCH01 _h1154 |
||
| 590 |
_aBATCH-UPD _b10 _c20130914 _lUCH01 _h1936 |
||
| 590 |
_aCONVERSION _b10 _c20130109 _lUCH01 _h1308 |
||
| 650 | 1 | 4 |
_aProcesamiento automático de datos. _991738 |
| 830 | 0 |
_aAcademic Press. Computer science and applied mathematics _9389 |
|
| 901 | _aBK | ||
| 942 | _cLIBRO | ||
| 949 |
_a001.6 G4 _bBC _cLIBRO _d33724000229035 _eLIBRO _h55196 _i17308 _si |
||
| 999 |
_c12265 _d12265 |
||